| 000 | 00699nam a2200229Ia 4500 | ||
|---|---|---|---|
| 003 | OSt | ||
| 005 | 20221006165143.0 | ||
| 006 | a|||||r|||| 00| 0 | ||
| 007 | ta | ||
| 008 | 221006b |||||||| |||| 00| 0 hin d | ||
| 024 | _a4,439 | ||
| 037 | _cTextual | ||
| 040 |
_aFML _cFML _bhin |
||
| 041 |
_2hin _ahin |
||
| 082 | _aNR44ObQ2:22, Q1 -; 1 | ||
| 100 |
_aChaturvedi Shabnam Au. _9679201 |
||
| 245 | 0 | _aPuraano Main Sangeet (Visvadharmottar Puran Ke Visesh Sandarbh Main Shodh Aadhyayan) | |
| 260 |
_aDelhi _bParimal Publications India _c2010 |
||
| 300 |
_a228 _ccm. |
||
| 942 |
_hNR44ObQ2:22, Q1 -; 1 _cTEXL _2CC |
||
| 999 |
_c1119812 _d1119812 |
||